| 000 | 00832nam a2200277 i 4500 | ||
|---|---|---|---|
| 001 | 105892 | ||
| 003 | ES-MaACL | ||
| 005 | 20250729062625.0 | ||
| 007 | t| | ||
| 008 | 060907s1974 fr ||||1| fre d | ||
| 080 | _a330.852 | ||
| 080 | _a32 | ||
| 100 | 1 |
_aGavi, Philippe. _956072 |
|
| 245 | 1 | 0 |
_aOn a raison de se révolter _b: discussións / _cPh. Galvi, J.-P. Sartre, P. Victor. |
| 260 |
_a[Paris] : _bGallimard, _c[1974] |
||
| 300 |
_a378 p. ; _c18 cm. |
||
| 490 | 1 | _aLa France sauvage | |
| 500 | _aBiblioteca Juan Andrade. | ||
| 650 | 1 | 4 |
_aMarxismo. _914803 |
| 650 | 7 |
_aPolítica _2embne _9140345 |
|
| 700 | 1 |
_aSartre, Jean-Paul, _d1905-1980 _9103897 |
|
| 700 | 1 |
_aVictor, Pierre. _9114392 |
|
| 830 | 0 |
_aLa France sauvage _9185152 |
|
| 852 |
_aES-MaACL _jAND-862 _bR.110150 |
||
| 999 |
_c105892 _d105892 |
||